000 00396nam a2200157Ia 4500
008 231217s9999 xx 000 0 und d
041 _aEnglish
082 _a001.642 TAN1;3 `R"
100 _aTanenbaum, Andrew S.
245 0 _aModern operating systems
250 _a2nd ed.
260 _c2001
_bAddison-Wesley/Longman
300 _axxiv+951
650 _aOpearting systems
942 _cAA
999 _c168175
_d168175